Statistics for Countries Visiting Nepal the Most

Click here to take the quiz!

General Stats

  • This quiz has been taken 397 times
  • The average score is 12 of 15

Answer Stats

Visitors#Country% Correct
104,6642China
99%
160,8321India
99%
79,1463United States
97%
51,0584United Kingdom
92%
26,14013France
89%
27,32612Japan
88%
29,91810Germany
87%
33,3718Australia
81%
15,95315Spain
80%
34,3017South Korea
79%
29,06011Bangladesh
77%
39,1546Thailand
76%
30,8529Myanmar
57%
45,3615Sri Lanka
56%
18,28414Malaysia
55%

Score Distribution

Percentile by Number Answered

Percent of People with Each Score

Your Score History

You have not taken this quiz